[Event "Bangkok op 14th"]
[Site "Bangkok"]
[Date "2014.04.12"]
[Round "1"]
[White "Wismeijer, Jeroen"]
[Black "Gomez, John Paul"]
[Result "0-1"]
[WhiteElo "2069"]
[BlackElo "2524"]
[PlyCount "136"]
[EventDate "2014.04.12"]
[EventType "swiss"]
[EventRounds "9"]
[EventCountry "THA"]
[SourceTitle "CBM 159 Extra"]
[Source "ChessBase"]
[SourceDate "2014.04.24"]
[SourceVersion "1"]
[SourceVersionDate "2014.04.24"]
[SourceQuality "1"]

1. d4 Nf6 2. Nf3 c5 3. c4 cxd4 4. Nxd4 e6 5. g3 d5 6. Bg2 e5 7. Nf3 d4 8. 0-0 Nc6 9. e3 d3 10. Nc3 Bb4 11. Bd2 0-0 12. a3 Bxc3 13. Bxc3 Ne4 14. Bxe5 Bg4 15. Bd4 Ng5 16. h4 Nxf3+ 17. Bxf3 Bxf3 18. Qxf3 Nxd4 19. exd4 Qxd4 20. b3 Rfd8 21. Rfd1 Rd7 22. Qe3 Qxe3 23. fxe3 Re8 24. Rd2 Rxe3 25. Kf2 Rde7 26. Rad1 h5 27. Rxd3 Re2+ 28. Kf3 a5 29. R1d2 Re1 30. Rd1 R1e6 31. R1d2 Rf6+ 32. Kg2 Rg6 33. Rd8+ Kh7 34. R8d5 Kh6 35. R2d3 Rf6 36. Rd6 Re2+ 37. Kg1 Rb2 38. Rxf6+ gxf6 39. Kf1 Kg6 40. Ke1 Kf5 41. Kd1 Ke4 42. Rc3 Rf2 43. c5 f5 44. c6 bxc6 45. Rxc6 Rf3 46. Rc4+ Kd3 47. Ke1 Rxg3 48. Rf4 Re3+ 49. Kf2 Re2+ 50. Kf3 Re1 51. Kf2 Re5 52. b4 axb4 53. axb4 f6 54. Kf3 Kc3 55. Kf2 Kb3 56. Kf3 Ka4 57. Kf2 Kb5 58. Kf3 Kc6 59. Kf2 Kd6 60. Kf3 Kd5 61. Kf2 Ke6 62. Kf3 Re1 63. Kf2 Re4 64. Kg3 Ke5 65. Rf2 Rg4+ 66. Kh3 Rxb4 67. Re2+ Re4 68. Rf2 f4 0-1

[Event "Haarlem Nova College op 3rd"]
[Site "Haarlem"]
[Date "2004.07.03"]
[Round "4"]
[White "Wismeijer, Jeroen"]
[Black "Jonkman, Harmen"]
[Result "0-1"]
[WhiteElo "2188"]
[BlackElo "2425"]
[PlyCount "90"]
[EventDate "2004.07.02"]
[EventType "swiss"]
[EventRounds "6"]
[EventCountry "NED"]
[SourceTitle "CBM 101 Extra"]
[Source "ChessBase"]
[SourceDate "2004.09.01"]
[SourceVersion "2"]
[SourceVersionDate "2004.09.01"]
[SourceQuality "1"]

1. d4 d5 2. Nf3 e6 3. g3 c5 4. Bg2 Nc6 5. 0-0 Nf6 6. c4 dxc4 7. Qa4 Bd7 8. dxc5 Bxc5 9. Qxc4 Be7 10. Nc3 0-0 11. Rd1 Qa5 12. Qb5 Qxb5 13. Nxb5 Rfd8 14. Nc3 e5 15. Bg5 Be6 16. e4 Rxd1+ 17. Rxd1 Rd8 18. Rxd8+ Bxd8 19. Nd2 Nb4 20. a3 Nd3 21. b4 Bb6 22. Be3 Bxe3 23. fxe3 Ne1 24. Bf1 Nc2 25. Ndb1 Nxe3 26. Bd3 Bc4 27. Bxc4 Nxc4 28. Kg2 Ng4 29. Nd5 Nge3+ 30. Nxe3 Nxe3+ 31. Kf3 Nc4 32. a4 h5 33. Nc3 g6 34. Ke2 f5 35. Kd3 Nd6 36. exf5 gxf5 37. Nd5 Kf7 38. b5 Kg6 39. h4 Kf7 40. b6 axb6 41. Nxb6 Ke6 42. a5 Ne4 43. Kc4 Nxg3 44. Kb5 Ne4 45. Nc4 Nd6+ 0-1

[Event "Haarlem Nova College op 1st"]
[Site "Haarlem"]
[Date "2002.07.06"]
[Round "4"]
[White "Wismeijer, Jeroen"]
[Black "In't Veld, Daan"]
[Result "1-0"]
[WhiteElo "2030"]
[BlackElo "1704"]
[PlyCount "85"]
[EventDate "2002.07.05"]
[EventType "swiss"]
[EventRounds "6"]
[EventCountry "NED"]
[SourceTitle "CBM 089 Extra"]
[Source "ChessBase"]
[SourceDate "2002.09.10"]
[SourceVersion "2"]
[SourceVersionDate "2002.09.10"]
[SourceQuality "1"]

1. Nf3 d5 2. d4 Bf5 3. c4 e6 4. Qb3 Nc6 5. a3 dxc4 6. Qxc4 Nf6 7. Nc3 Be7 8. Bg5 Ne4 9. Bxe7 Qxe7 10. d5 exd5 11. Nxd5 Qd7 12. Rd1 Nd6 13. Qf4 0-0-0 14. e3 Kb8 15. Be2 f6 16. 0-0 g5 17. Qa4 Qf7 18. Nb4 Bd7 19. Qc2 g4 20. Nd4 Nxd4 21. Rxd4 h5 22. Rfd1 Rdg8 23. Qd2 Rh7 24. Rxd6 cxd6 25. Qxd6+ Ka8 26. Bb5 Bc8 27. Nd5 a6 28. Nb6+ Ka7 29. Bc4 Qf8 30. Qd4 Kb8 31. Bxg8 Qxg8 32. Nxc8 Kxc8 33. Qxf6 h4 34. Qf5+ Kb8 35. Qe5+ Ka8 36. Qf6 Qa2 37. Rd8+ Ka7 38. Qd4+ b6 39. Qxg4 Qxb2 40. h3 Qxa3 41. Qc8 Qa1+ 42. Kh2 Qe5+ 43. f4 1-0